Microsoft Excel 97
| Format: | Book |
|---|---|
| Published: |
Redmond :
Microsoft Press ,
1997
|
| Subjects: |
MARC
| LEADER | 00000cam a2200000 7i4500 | ||
|---|---|---|---|
| 001 | 0000022397 | ||
| 002 | 000024252 | ||
| 005 | 20000330.0 | ||
| 020 | |a 157231723X | ||
| 090 | 0 | 0 | |a 005.369 |b MIC |
| 245 | 0 | 0 | |a Microsoft Excel 97 |
| 260 | |a Redmond : |b Microsoft Press , |c 1997 | ||
| 300 | |a 171p. : |b ill ; |c 23cm. | ||
| 650 | 0 | 0 | |a Business |x Computer programs |
| 650 | 0 | 0 | |a Electronic spreadsheets |
| 650 | 0 | 0 | |a Microsoft Excel for Windows |
| 999 | |a 075913 |b BUKU |c RUJUKAN |e PERPUSTAKAAN KOMUNITI PETALING JAYA | ||